00500cam a2200169ua 45000010005000000080039000050200018000440400009000620820008000711000032000792450071001112500009001822600045001913000030002366530015002666530049002812132110805n ii |||gr||||Z||||||eng a81-229-0214-6 cMAIN a153 aFreeman, Frank S.,eAuthor.1 aTheory and practice of psychological testingcby Frank S. Freeman  a3rd. aNew Delhi:bSurjeet publications,c2006. axviii; 697p:bill;c23cm. aPsychology aTheory and practice of psychological testing